00607nam a2200181Ia 4500952013400000999001700134003000400151005001700155008004100172040000900213082001800222100003300240245005000273260003100323300000900354650002000363942004200383 00102ddc40708POLITICAL SCIENCEaMESbMEScPOLd2019-02-20l0o321.07 DAV/Rp1821r2019-02-20 00:00:00w2019-02-20yBKzGL10R2 c11881d11881OSt20201020093515.0190216s9999||||xx |||||||||||||| ||und|| coclc a321.07bDAV/R aDavies, John Llewelyn 95940 4aThe Republic Of Plato /cJohn Llewelyn Davies bMacmillan,c1950.aLondon: a371p aEnglish Stories cBK2ddch321.07iDAV/Rk321.07mDAV/R